Walzer - Provinz - Statistiken

Allgemein
  • Dieses Quiz wurde 113 mal gespielt
  • Das Durchschnittsergebnis liegt bei 183 aus 219
Antwortstatistiken
Antwort % Korrekt
den
98%
du
98%
Du
98%
Und
98%
und
98%
Ich
96%
ich
96%
in
96%
mir
96%
als
93%
Als
93%
dich
93%
Dich
93%
endlich
93%
gefreut,
93%
getrennt
93%
hab
93%
hast
93%
im
93%
leeren
93%
mich
93%
Dreivierteltakt
91%
Räumen
91%
tanzen
91%
wie
91%
wir
91%
Wir
91%
zeigst
91%
der
89%
dreh'n
89%
Es
89%
ihn
89%
immer
89%
immer,
89%
ist
89%
Purple
89%
Rain
89%
Stadt
89%
uns
89%
vier,
89%
vor
89%
irgendwo
87%
lachst
87%
lachst,
87%
Viertel
87%
wär
87%
dann
84%
Dann
84%
gerannt,
84%
lang
84%
nie
84%
Weg
84%
wenn
84%
gleichen
82%
Hause
82%
lache
82%
nach
82%
Walzer
82%
auch
80%
Bin
80%
ein
80%
Leben
80%
nicht
80%
dir
78%
halt
78%
sterbe
78%
stirbst,
78%
auf
76%
deinen
76%
Für
76%
laut
76%
schreie
76%
wein'st,
76%
aus
73%
glaube,
73%
einen
71%
elegant
71%
ich's
71%
langsam,
71%
mit
71%
so
71%
weißt,
71%
bleib
69%
Das
69%
gegang'n
69%
Ja,
69%
schreib
69%
mag,
67%
Nam'n,
67%
kann
64%
willst,
64%
bringst
62%
Lachen
62%
wach
62%
zum
62%
alles,
60%
über
60%
was
60%
die
56%
Die
56%
doch
56%
sind
56%
warten
56%
reden
51%
Regen
51%
überrascht
51%
Träume,
49%
lieben
40%
verfolgen
36%
bleiben,
29%
Keine übereinstimmenden Quizze gefunden
Verteilung der Resultate
Anzahl Personen mit jedem Resultat
Perzentil nach korrekt beantworteten Fragen
Ihre Resultats-Entwicklung
Sie haben dieses Quiz noch nicht gespielt